Tous les clubs victimes de Lamine Yamal - Statistiques

Statistiques générales
  • Ce quiz a été pris 66 fois
    32 depuis la dernière actualisation
  • Le résultat moyen est 14 sur 28
Statistiques - réponses
Pays Club % Correct
Espagne Real Madrid 3
100%
Espagne Atletico Madrid 2
87%
Belgique Club Bruges 1
74%
Italie Inter Milan 1
74%
Angleterre Newcastle 2
65%
Portugal SL Benfica 1
65%
Espagne Villarreal 5
65%
Allemagne Borussia Dortmund 1
61%
Espagne Athletic Club 4
57%
Espagne Celta Vigo 2
57%
Espagne Real Betis 2
57%
Danemark FC Copenhague 1
52%
Espagne Valence 1
52%
France AS Monaco 1
48%
Espagne Girona 2
48%
Espagne Real Sociedad 1
48%
Espagne Elche 1
43%
Espagne Espanyol Barcelone 2
43%
Grèce Olympiakos 1
43%
Italie Atalanta Bergame 1
39%
Espagne Osasuna 2
39%
Espagne RCD Mallorca 3
39%
Espagne Deportivo Alavés 1
35%
Espagne Rayo Vallecano 1
30%
Espagne Grenade 3
26%
Espagne Real Oviedo 1
22%
Espagne Albacete Balompié 1
9%
Espagne Racing Santander 1
9%
Aucun quiz correspondant
Distribution des résultats
% des personnes avec chaque résultat
Percentile par nombre de réponses
Votre historique - résultats
Vous n’avez pas pris ce quiz depuis la dernière actualisation